000 00628cam a2200217 a 4500
001 1026950
005 20180215093955.0
008 880630s1987 ge b 000 0 eng c
010 _a 88156495
040 _aMiU
_cMiU
_dDLC
041 0 _aeng
_bgerrus
080 _a51 PET
082 _251 PET
100 1 _a37
101 _aMAT
245 1 0 _aLinear-time algorithms for NP-complete problems restricted to partial k-trees /
_cPetra Scheffler ; communicated by B. Goetze.
504 _aBibliography: p. 48.
906 _a7
_bcbc
_corignew
_d2
_encip
_f19
_gy-gencatlg
942 _2ddc
_cBK
999 _c42714
_d42714